[Event "WC-2022-S-00003"]
[Site "LSS email"]
[Date "2022.06.21"]
[Round "?"]
[White "Fuchs, Joerg"]
[Black "Felicio, Clairton"]
[Result "1/2-1/2"]
[WhiteElo "2363"]
[BlackElo "2353"]
[PlyCount "43"]
[EventDate "2022.06.21"]
[EventType "tourn (corr)"]
[EventRounds "12"]
[EventCountry "GER"]
[SourceTitle "Corr 2024"]
[Source "ChessBase"]
[SourceDate "2023.10.19"]
[SourceVersion "1"]
[SourceVersionDate "2023.10.19"]
[SourceQuality "1"]

1. d4 Nf6 2. c4 e6 3. Nc3 d5 4. cxd5 exd5 5. Bg5 c6 6. Qc2 Be6 7. e3 h6 8. Bf4 a6 9. Nf3 c5 10. Be2 Nc6 11. 0-0 cxd4 12. Nxd4 Nxd4 13. exd4 Bd6 14. Be5 0-0 15. f4 Re8 16. Rad1 Bf8 17. h3 Bd7 18. Bf3 Bc6 19. Rfe1 a5 20. a3 Nh7 21. Bh5 Nf6 22. Bf3 1/2-1/2

[Event "WC-2022-S-00003"]
[Site "LSS email"]
[Date "2022.06.21"]
[Round "?"]
[White "Fuchs, Joerg"]
[Black "Fernandez, Javier Horacio"]
[Result "1/2-1/2"]
[WhiteElo "2363"]
[BlackElo "2334"]
[PlyCount "54"]
[EventDate "2022.06.21"]
[EventType "tourn (corr)"]
[EventRounds "12"]
[EventCountry "GER"]
[SourceTitle "Corr 2024"]
[Source "ChessBase"]
[SourceDate "2023.10.19"]
[SourceVersion "1"]
[SourceVersionDate "2023.10.19"]
[SourceQuality "1"]

1. e4 c5 2. Nf3 Nc6 3. Bb5 g6 4. Bxc6 bxc6 5. 0-0 Bg7 6. Re1 Qc7 7. d3 e5 8. c3 Nf6 9. d4 cxd4 10. cxd4 exd4 11. Qxd4 0-0 12. Nc3 Qb6 13. Qxb6 axb6 14. e5 Nd5 15. Nxd5 cxd5 16. Be3 b5 17. Bc5 Re8 18. Bd6 f6 19. Nd4 Ba6 20. e6 dxe6 21. Nxe6 Bc8 22. Nxg7 Rxe1+ 23. Rxe1 Kxg7 24. f3 Bf5 25. Re7+ Kg8 26. a3 Rc8 27. Rc7 Rxc7 1/2-1/2

[Event "WC-2022-S-00003"]
[Site "LSS email"]
[Date "2022.06.21"]
[Round "?"]
[White "Fuchs, Joerg"]
[Black "Muniz, Alberto"]
[Result "1/2-1/2"]
[WhiteElo "2363"]
[BlackElo "2303"]
[PlyCount "53"]
[EventDate "2022.06.21"]
[EventType "tourn (corr)"]
[EventRounds "12"]
[EventCountry "GER"]
[SourceTitle "Corr 2024"]
[Source "ChessBase"]
[SourceDate "2023.10.19"]
[SourceVersion "1"]
[SourceVersionDate "2023.10.19"]
[SourceQuality "1"]

1. e4 e5 2. Nf3 Nc6 3. Bb5 Nf6 4. 0-0 Nxe4 5. Re1 Nd6 6. Nxe5 Be7 7. Bf1 Nxe5 8. Rxe5 0-0 9. d4 Bf6 10. Re1 Re8 11. c3 Rxe1 12. Qxe1 Ne8 13. Bf4 d5 14. Bd3 g6 15. Nd2 Ng7 16. Nf3 Bf5 17. Bxf5 Nxf5 18. Qe2 Qd7 19. Re1 Ng7 20. Qd2 Re8 21. Rxe8+ Nxe8 22. h3 Qe6 23. g4 Be7 24. Ne1 Bd6 25. Nd3 Qe4 26. Bxd6 Nxd6 27. Nc5 1/2-1/2

[Event "WC-2022-S-00003"]
[Site "LSS email"]
[Date "2022.06.21"]
[Round "?"]
[White "Lelito, Jerzy"]
[Black "Fuchs, Joerg"]
[Result "1/2-1/2"]
[WhiteElo "2331"]
[BlackElo "2363"]
[PlyCount "80"]
[EventDate "2022.06.21"]
[EventType "tourn (corr)"]
[EventRounds "12"]
[EventCountry "GER"]
[SourceTitle "Corr 2024"]
[Source "ChessBase"]
[SourceDate "2023.10.19"]
[SourceVersion "1"]
[SourceVersionDate "2023.10.19"]
[SourceQuality "1"]

1. e4 e5 2. Nf3 Nc6 3. Bb5 Nf6 4. d3 Bc5 5. c3 0-0 6. 0-0 d5 7. exd5 Qxd5 8. Bc4 Qd8 9. Nbd2 h6 10. b4 Bd6 11. Re1 Re8 12. a4 a6 13. Bb2 Bf5 14. Qb3 Qd7 15. Ne4 Nxe4 16. dxe4 Be6 17. Bc1 Bxc4 18. Qxc4 b5 19. Qb3 Ne7 20. Be3 Qc6 21. Nd2 Rab8 22. g3 Red8 23. Rec1 Ng6 24. Kg2 Be7 25. axb5 axb5 26. c4 Rb7 27. h4 bxc4 28. Rxc4 Qe6 29. h5 Nf8 30. Qc3 Bd6 31. Nb3 Rb5 32. Ra5 Rbb8 33. f3 Qe8 34. Nc5 Rb5 35. Qa3 Rdb8 36. Na6 Rc8 37. Qa4 Rxa5 38. bxa5 Qxa4 39. Rxa4 c5 40. Nxc5 Bxc5 1/2-1/2

[Event "WC-2022-S-00003"]
[Site "LSS email"]
[Date "2022.06.21"]
[Round "?"]
[White "Mueller, Michael"]
[Black "Fuchs, Joerg"]
[Result "1/2-1/2"]
[WhiteElo "2365"]
[BlackElo "2363"]
[PlyCount "84"]
[EventDate "2022.06.21"]
[EventType "tourn (corr)"]
[EventRounds "12"]
[EventCountry "GER"]
[SourceTitle "Corr 2024"]
[Source "ChessBase"]
[SourceDate "2023.10.19"]
[SourceVersion "1"]
[SourceVersionDate "2023.10.19"]
[SourceQuality "1"]

1. d4 Nf6 2. c4 e6 3. Nf3 d5 4. g3 Bb4+ 5. Bd2 Be7 6. Bg2 0-0 7. 0-0 c6 8. Qc2 b6 9. Rd1 Nbd7 10. b3 a5 11. Bc3 Ne4 12. Bb2 f5 13. Nc3 Qe8 14. Ne5 Nxe5 15. dxe5 Bb7 16. e3 h5 17. h4 g5 18. hxg5 Bxg5 19. f4 Be7 20. Nxe4 dxe4 21. Kf2 Qg6 22. Rd7 Rf7 23. Rg1 Rg7 24. Bh3 Ba6 25. Rd6 Rc8 26. Qd2 Kf7 27. Bd4 c5 28. Bc3 Bxd6 29. exd6 Ke8 30. Bxg7 Qxg7 31. Bf1 Kd7 32. Be2 Rc6 33. Rd1 Rc8 34. Rg1 Bb7 35. Bxh5 Rh8 36. g4 fxg4 37. Rxg4 Qf6 38. Rg5 Bc6 39. a3 Rh7 40. b4 cxb4 41. axb4 Qh8 42. b5 Rxh5 1/2-1/2

[Event "ZH-2019-0-01812"]
[Site "LSS email"]
[Date "2019.11.10"]
[Round "?"]
[White "Glatthaar, Michael"]
[Black "Fuchs, Joerg"]
[Result "1/2-1/2"]
[WhiteElo "2520"]
[BlackElo "2353"]
[PlyCount "62"]
[EventDate "2019.10.25"]
[EventType "match (corr)"]
[EventRounds "2"]
[EventCountry "GER"]
[SourceTitle "Corr 2022"]
[Source "ChessBase"]
[SourceDate "2021.10.24"]
[SourceVersion "1"]
[SourceVersionDate "2021.10.24"]
[SourceQuality "1"]

1. e4 c5 2. Nf3 Nc6 3. Bb5 g6 4. Bxc6 bxc6 5. d4 cxd4 6. Qxd4 f6 7. 0-0 d6 8. c4 c5 9. Qd3 Bg7 10. Nc3 Nh6 11. a3 a5 12. Bxh6 Bxh6 13. b4 axb4 14. axb4 Rxa1 15. Rxa1 cxb4 16. Nd5 0-0 17. Nxb4 Bg7 18. h3 Bb7 19. Nd5 e6 20. Rb1 Rf7 21. Nf4 Qe7 22. c5 dxc5 23. Qc4 e5 24. Ne6 Bf8 25. Rd1 Kh8 26. Rd8 Bc6 27. Rb8 Qd6 28. Rc8 Bd7 29. Nxf8 Rxf8 30. Rxc5 Kg7 31. Kh2 Rf7 1/2-1/2

[Event "ZH-2019-0-01796"]
[Site "LSS email"]
[Date "2019.09.28"]
[Round "?"]
[White "Fuchs, Joerg"]
[Black "Steinke, Ruediger"]
[Result "1/2-1/2"]
[WhiteElo "2357"]
[BlackElo "2291"]
[PlyCount "34"]
[EventDate "2019.08.05"]
[EventType "match (corr)"]
[EventRounds "2"]
[EventCountry "GER"]
[SourceTitle "Corr 2022"]
[Source "ChessBase"]
[SourceDate "2021.10.24"]
[SourceVersion "1"]
[SourceVersionDate "2021.10.24"]
[SourceQuality "1"]

1. e4 e6 2. d4 d5 3. Nc3 dxe4 4. Nxe4 Nd7 5. Nf3 Ngf6 6. Nxf6+ Nxf6 7. Bd3 c5 8. Be3 Qc7 9. Qe2 a6 10. 0-0 b6 11. Rfd1 Bb7 12. a4 Nd5 13. dxc5 bxc5 14. Be4 Be7 15. Bg5 Bxg5 16. Nxg5 Nf6 17. Bxb7 Qxb7 1/2-1/2

[Event "WC-2019-Q-00003"]
[Site "LSS email"]
[Date "2019.08.28"]
[Round "?"]
[White "Fuchs, Joerg"]
[Black "Markus, Roland"]
[Result "1/2-1/2"]
[WhiteElo "2357"]
[BlackElo "2387"]
[PlyCount "129"]
[EventDate "2019.09.01"]
[EventType "tourn (corr)"]
[EventRounds "12"]
[EventCountry "GER"]
[SourceTitle "Corr 2022"]
[Source "ChessBase"]
[SourceDate "2021.10.24"]
[SourceVersion "1"]
[SourceVersionDate "2021.10.24"]
[SourceQuality "1"]

1. e4 e5 2. Nc3 Nf6 3. g3 Bc5 4. Bg2 0-0 5. d3 a5 6. Nge2 d6 7. h3 Re8 8. 0-0 c6 9. Kh2 b5 10. f4 Nbd7 11. a3 h6 12. fxe5 dxe5 13. Qe1 Nf8 14. Nd1 Bb6 15. a4 b4 16. b3 Ne6 17. Ne3 Bxe3 18. Bxe3 c5 19. Ng1 Nd4 20. Qd2 Ra6 21. Rf2 Nh7 22. Nf3 Qc7 23. Raf1 Rf6 24. Qd1 Ree6 25. Qc1 Rc6 26. Qd1 Ra6 27. Qc1 Bd7 28. Qd2 Rab6 29. Qd1 Be6 30. Nh4 Rxf2 31. Rxf2 Bc8 32. Nf5 Bxf5 33. exf5 Nf6 34. g4 Rd6 35. Qh1 Rd8 36. Be4 Kf8 37. Kg1 Ke7 38. Bg2 Qd6 39. Be4 Kd7 40. Ba8 Nc6 41. Bxc6+ Qxc6 42. Qg2 Kd6 43. Qf1 Nd5 44. Re2 f6 45. Bf2 Nc3 46. Re1 Kc7 47. Qg2 Qxg2+ 48. Kxg2 c4 49. bxc4 e4 50. Bg3+ Kc6 51. dxe4 Rd2+ 52. Kf3 Rxc2 53. e5 Rd2 54. Ke3 Rd8 55. e6 Nxa4 56. e7 Re8 57. Kd2 b3 58. Bf4 Kd7 59. Kc1 Rxe7 60. Rxe7+ Kxe7 61. Bc7 Nc5 62. Bxa5 Nd3+ 63. Kd2 b2 64. Kc2 Kd6 65. Bb6 1/2-1/2

[Event "WC-2019-Q-00003"]
[Site "LSS email"]
[Date "2019.08.28"]
[Round "?"]
[White "Fuchs, Joerg"]
[Black "Pocivavsek, Darko"]
[Result "1/2-1/2"]
[WhiteElo "2357"]
[BlackElo "2231"]
[PlyCount "65"]
[EventDate "2019.09.01"]
[EventType "tourn (corr)"]
[EventRounds "12"]
[EventCountry "GER"]
[SourceTitle "Corr 2022"]
[Source "ChessBase"]
[SourceDate "2021.10.24"]
[SourceVersion "1"]
[SourceVersionDate "2021.10.24"]
[SourceQuality "1"]

1. e4 c5 2. Nc3 e6 3. Nge2 Nc6 4. d4 cxd4 5. Nxd4 Nf6 6. Nxc6 bxc6 7. e5 Nd5 8. Ne4 Qc7 9. f4 Qb6 10. c4 Bb4+ 11. Ke2 f5 12. exf6 Nxf6 13. Be3 Qd8 14. Nd6+ Bxd6 15. Qxd6 Bb7 16. Rd1 Rc8 17. Rg1 c5 18. g4 Rc6 19. Qe5 0-0 20. Bh3 d6 21. Qxe6+ Kh8 22. g5 Nh5 23. Rgf1 Rb6 24. b3 Ra6 25. Qd7 Qb8 26. Qg4 Rxa2+ 27. Rd2 Rxd2+ 28. Bxd2 Qe8+ 29. Kd1 Qe4 30. Qxh5 Qd3 31. f5 Qxb3+ 32. Ke1 g6 33. fxg6 1/2-1/2

[Event "ZH-2019-0-01757"]
[Site "LSS email"]
[Date "2019.04.03"]
[Round "?"]
[White "Fuchs, Joerg"]
[Black "Schulz, Rene"]
[Result "1-0"]
[WhiteElo "2353"]
[BlackElo "2337"]
[PlyCount "81"]
[EventDate "2019.03.16"]
[EventType "match (corr)"]
[EventRounds "2"]
[EventCountry "GER"]
[SourceTitle "Corr 2022"]
[Source "ChessBase"]
[SourceDate "2021.10.24"]
[SourceVersion "1"]
[SourceVersionDate "2021.10.24"]
[SourceQuality "1"]

1. e4 e5 2. Nf3 Nc6 3. Bb5 a6 4. Ba4 Nf6 5. 0-0 Be7 6. Re1 b5 7. Bb3 0-0 8. h3 Bb7 9. d3 d6 10. a3 Qd7 11. Nbd2 Nd8 12. c3 Ne6 13. d4 exd4 14. Nxd4 Nxd4 15. cxd4 c5 16. Bc2 Rfe8 17. d5 Qc7 18. b3 Nd7 19. Bb2 Bf6 20. Bxf6 Nxf6 21. Re3 Bc8 22. Qe2 Bd7 23. f4 Rac8 24. Re1 h6 25. Nb1 Qb6 26. Kh2 c4 27. b4 Qd4 28. Nc3 Kh8 29. Qd1 Qxd1 30. Bxd1 Rf8 31. e5 Ne8 32. h4 Nc7 33. g4 Kg8 34. Kg3 Rcd8 35. e6 fxe6 36. dxe6 Bxe6 37. Rxe6 Nxe6 38. Rxe6 Kf7 39. Re4 d5 40. Rd4 Rfe8 41. Kf2 1-0

[Event "SM-2018-0-00403"]
[Site "LSS email"]
[Date "2018.10.15"]
[Round "?"]
[White "Bernal Varela, Nelson"]
[Black "Fuchs, Joerg"]
[Result "1-0"]
[WhiteElo "2393"]
[BlackElo "2284"]
[PlyCount "59"]
[EventDate "2018.08.27"]
[EventType "tourn (corr)"]
[EventRounds "6"]
[EventCountry "GER"]
[SourceTitle "Corr 2022"]
[Source "ChessBase"]
[SourceDate "2021.10.24"]
[SourceVersion "1"]
[SourceVersionDate "2021.10.24"]
[SourceQuality "1"]

1. e4 e6 2. d4 d5 3. Nc3 Bb4 4. e5 c5 5. a3 Bxc3+ 6. bxc3 Ne7 7. Qg4 0-0 8. Bd3 Nbc6 9. Nf3 f5 10. Qg3 Qb6 11. Bh6 Ng6 12. h4 Rf7 13. h5 Nf8 14. dxc5 Qxc5 15. Bd2 Nd7 16. h6 g6 17. 0-0 Qf8 18. c4 d4 19. a4 b6 20. a5 bxa5 21. Qf4 Qc5 22. Rfe1 Nb6 23. c3 dxc3 24. Bxc3 Ba6 25. Bd2 Rd7 26. Bf1 Rad8 27. Be3 Qe7 28. Reb1 Rc8 29. Bxb6 axb6 30. Rxb6 1-0

[Event "SM-2018-0-00403"]
[Site "LSS email"]
[Date "2018.10.15"]
[Round "?"]
[White "Fuchs, Joerg"]
[Black "Baranov, Valery"]
[Result "1/2-1/2"]
[WhiteElo "2284"]
[BlackElo "2244"]
[PlyCount "51"]
[EventDate "2018.08.27"]
[EventType "tourn (corr)"]
[EventRounds "6"]
[EventCountry "GER"]
[SourceTitle "Corr 2022"]
[Source "ChessBase"]
[SourceDate "2021.10.24"]
[SourceVersion "1"]
[SourceVersionDate "2021.10.24"]
[SourceQuality "1"]

1. e4 e5 2. Nf3 Nc6 3. Bc4 Nf6 4. d3 Bc5 5. c3 a6 6. 0-0 d6 7. a4 0-0 8. Nbd2 a5 9. Re1 h6 10. h3 Be6 11. b3 d5 12. Bb5 dxe4 13. Bxc6 exf3 14. Bxb7 fxg2 15. Bxa8 Qxa8 16. Qf3 Bd5 17. Qg3 Re8 18. Nc4 Bd6 19. Bxh6 Nh5 20. Qh4 Bf3 21. Bg5 f6 22. Be3 Kf8 23. Nd2 g5 24. Bxg5 fxg5 25. Qxg5 Nf4 26. Qf5+ 1/2-1/2

[Event "SM-2018-0-00403"]
[Site "LSS email"]
[Date "2018.10.15"]
[Round "?"]
[White "Fuchs, Joerg"]
[Black "Muniz Pardino, Alberto"]
[Result "1/2-1/2"]
[WhiteElo "2284"]
[BlackElo "2262"]
[PlyCount "56"]
[EventDate "2018.08.27"]
[EventType "tourn (corr)"]
[EventRounds "6"]
[EventCountry "GER"]
[SourceTitle "Corr 2022"]
[Source "ChessBase"]
[SourceDate "2021.10.24"]
[SourceVersion "1"]
[SourceVersionDate "2021.10.24"]
[SourceQuality "1"]

1. e4 c5 2. Nf3 d6 3. d4 cxd4 4. Nxd4 Nf6 5. Nc3 a6 6. Be3 e5 7. Nb3 Be6 8. f3 h5 9. Qd2 Nbd7 10. Nd5 Bxd5 11. exd5 g6 12. Be2 Bg7 13. 0-0 b6 14. a4 0-0 15. c4 Nc5 16. Qc2 Re8 17. Nd2 e4 18. f4 Ng4 19. Bxg4 hxg4 20. f5 Qf6 21. b4 Nd3 22. Nxe4 Qe5 23. Qxd3 Qxe4 24. Qxe4 Rxe4 25. f6 Rxe3 26. fxg7 Rc8 27. Rf4 Rc3 28. a5 bxa5 1/2-1/2

[Event "GER T288-A57-S email"]
[Site "GER email"]
[Date "2018.09.12"]
[Round "?"]
[White "Fuchs, Joerg"]
[Black "Frotscher, Thomas"]
[Result "1/2-1/2"]
[WhiteElo "2052"]
[BlackElo "2013"]
[PlyCount "69"]
[EventDate "2018.09.22"]
[EventType "tourn (corr)"]
[EventRounds "8"]
[EventCountry "GER"]
[SourceTitle "Corr 2022"]
[Source "ChessBase"]
[SourceDate "2021.10.24"]
[SourceVersion "1"]
[SourceVersionDate "2021.10.24"]
[SourceQuality "1"]

1. d4 Nf6 2. c4 c5 3. d5 b5 4. cxb5 a6 5. e3 axb5 6. Bxb5 Qa5+ 7. Nc3 Bb7 8. Bd2 Qb6 9. Nf3 Nxd5 10. a4 e6 11. 0-0 Nb4 12. Ne5 Qc7 13. Qh5 g6 14. Qg5 Bg7 15. Nc4 0-0 16. e4 Nd3 17. a5 Nc6 18. Nb6 Rxa5 19. Rxa5 Qxb6 20. Na4 Qc7 21. Bxc6 Qxc6 22. Nxc5 h6 23. Qe3 Nxc5 24. Rxc5 Qxe4 25. f3 Qd4 26. Rb1 f5 27. Rb5 Bc6 28. Rb4 Qxe3+ 29. Bxe3 Ra8 30. Rc4 Rb8 31. b4 Kf7 32. Rc5 Bf8 33. Rc2 g5 34. Bc5 Bg7 35. h3 1/2-1/2

[Event "GER T288-A57-S email"]
[Site "GER email"]
[Date "2018.09.12"]
[Round "?"]
[White "Fuchs, Joerg"]
[Black "Hoexter, Heinrich"]
[Result "1/2-1/2"]
[WhiteElo "2052"]
[BlackElo "2048"]
[PlyCount "75"]
[EventDate "2018.09.22"]
[EventType "tourn (corr)"]
[EventRounds "8"]
[EventCountry "GER"]
[SourceTitle "Corr 2022"]
[Source "ChessBase"]
[SourceDate "2021.10.24"]
[SourceVersion "1"]
[SourceVersionDate "2021.10.24"]
[SourceQuality "1"]

1. d4 Nf6 2. c4 c5 3. d5 b5 4. cxb5 a6 5. e3 axb5 6. Bxb5 Qa5+ 7. Nc3 Ba6 8. Bxa6 Nxa6 9. Nf3 d6 10. 0-0 g6 11. e4 Bg7 12. e5 dxe5 13. Nxe5 0-0 14. Nc6 Qc7 15. Qf3 Nb4 16. Bf4 Qb7 17. a3 Nc2 18. d6 exd6 19. Bxd6 Rfe8 20. Rac1 Qxb2 21. Rb1 Qxa3 22. Rfc1 Re6 23. Ne7+ Rxe7 24. Bxe7 Nd4 25. Qb7 Re8 26. Kh1 h5 27. h3 Nf5 28. Bxf6 Bxf6 29. Ra1 Qb4 30. Qc6 Re6 31. Qc8+ Kg7 32. Nd5 Qd2 33. Nxf6 Qxf2 34. Nd5 Re2 35. Rg1 Qd4 36. Ra8 Ng3+ 37. Kh2 Rxg2+ 38. Rxg2 1/2-1/2

[Event "GER T288-A57-S email"]
[Site "GER email"]
[Date "2018.09.12"]
[Round "?"]
[White "Schneider, German"]
[Black "Fuchs, Joerg"]
[Result "1/2-1/2"]
[WhiteElo "2034"]
[BlackElo "2052"]
[PlyCount "102"]
[EventDate "2018.09.22"]
[EventType "tourn (corr)"]
[EventRounds "8"]
[EventCountry "GER"]
[SourceTitle "Corr 2022"]
[Source "ChessBase"]
[SourceDate "2021.10.24"]
[SourceVersion "1"]
[SourceVersionDate "2021.10.24"]
[SourceQuality "1"]

1. d4 Nf6 2. c4 c5 3. d5 b5 4. cxb5 a6 5. bxa6 e6 6. Nc3 exd5 7. Nxd5 Nxa6 8. Bg5 Nb4 9. Nxf6+ gxf6 10. Bd2 Qe7 11. e3 Qe4 12. f3 Qe5 13. Qb1 Bh6 14. Kf2 Qd5 15. Qe4+ Qxe4 16. fxe4 Bb7 17. a3 Bxe4 18. Rc1 Nc2 19. Ne2 Rb8 20. Nc3 Bg6 21. Bb5 Kd8 22. a4 Nb4 23. Rhd1 Re8 24. e4 Rxb5 25. Bxh6 Rb6 26. a5 Rc6 27. Be3 Ree6 28. Nb5 Re5 29. h3 Ke7 30. Nc3 Ra6 31. Bf4 Ree6 32. Rd2 d6 33. Rcd1 f5 34. Nb5 fxe4 35. Nc7 Nd3+ 36. Rxd3 exd3 37. Nxa6 Re2+ 38. Kf1 Rxb2 39. Nc7 Ra2 40. Bd2 Be4 41. Nb5 Bc6 42. Nc3 Ra3 43. Nb1 Ra1 44. Bc3 Ra2 45. Rd2 Ra4 46. Kf2 d5 47. Rxd3 d4 48. Be1 Ra1 49. Rb3 Ra2+ 50. Nd2 c4 51. Rb4 c3 1/2-1/2

[Event "GER T281-A00-S email"]
[Site "GER email"]
[Date "2018.08.23"]
[Round "?"]
[White "Fuchs, Joerg"]
[Black "Mehlhorn, Uwe"]
[Result "1/2-1/2"]
[WhiteElo "2052"]
[BlackElo "2173"]
[PlyCount "71"]
[EventDate "2018.08.31"]
[EventType "tourn (corr)"]
[EventRounds "8"]
[EventCountry "GER"]
[SourceTitle "Corr 2022"]
[Source "ChessBase"]
[SourceDate "2021.10.24"]
[SourceVersion "1"]
[SourceVersionDate "2021.10.24"]
[SourceQuality "1"]

1. Nc3 d5 2. d4 Nf6 3. Bf4 e6 4. Nb5 Na6 5. e3 Be7 6. Nf3 0-0 7. c4 c5 8. a3 Bd7 9. Nc3 Rc8 10. Ne5 Be8 11. Rc1 Qb6 12. Rb1 cxd4 13. exd4 dxc4 14. Bxc4 Nc7 15. 0-0 Bb5 16. Nxb5 Nxb5 17. Be3 Rfd8 18. Rc1 Nd6 19. d5 Qxb2 20. Bd4 Qxc1 21. Qxc1 exd5 22. Qb1 dxc4 23. Bxa7 c3 24. Rc1 Nd5 25. g3 Bg5 26. Rc2 b6 27. Bxb6 Rb8 28. Qa2 Nxb6 29. Nc6 Bf6 30. a4 Nbc4 31. Nxb8 Rxb8 32. a5 Rb2 33. Qa4 Rxc2 34. Qxc2 Na3 35. Qd3 Ndb5 36. a6 1/2-1/2

[Event "SM-2018-0-00395"]
[Site "LSS email"]
[Date "2018.06.30"]
[Round "?"]
[White "Steinke, Ruediger"]
[Black "Fuchs, Joerg"]
[Result "1/2-1/2"]
[WhiteElo "2363"]
[BlackElo "2284"]
[PlyCount "65"]
[EventDate "2018.03.24"]
[EventType "tourn (corr)"]
[EventRounds "6"]
[EventCountry "GER"]
[SourceTitle "Corr 2022"]
[Source "ChessBase"]
[SourceDate "2021.10.24"]
[SourceVersion "1"]
[SourceVersionDate "2021.10.24"]
[SourceQuality "1"]

1. e4 c5 2. Nf3 Nc6 3. d4 cxd4 4. Nxd4 Nf6 5. Nc3 e5 6. Ndb5 d6 7. Bg5 a6 8. Na3 b5 9. Bxf6 gxf6 10. Nd5 f5 11. Bd3 Be6 12. 0-0 Bxd5 13. exd5 Ne7 14. c3 Bg7 15. Nc2 e4 16. Be2 0-0 17. a4 bxa4 18. Rxa4 Qb6 19. Rb4 Qc5 20. g3 Qxd5 21. Qxd5 Nxd5 22. Rb7 Rab8 23. Bxa6 Rfc8 24. Ra1 Nc7 25. Rb4 Rxb4 26. Nxb4 Ra8 27. Ra4 Bh6 28. f4 exf3 29. Kf2 Bc1 30. b3 Bd2 31. Bd3 Re8 32. Nc2 Ne6 33. Bxf5 1/2-1/2

[Event "Berlin-ch QT"]
[Site "Berlin"]
[Date "2018.04.07"]
[Round "8"]
[White "Skogvall, Martina"]
[Black "Fuchs, Joerg"]
[Result "1-0"]
[WhiteElo "1997"]
[BlackElo "1798"]
[PlyCount "59"]
[EventDate "2018.03.31"]
[EventType "swiss"]
[EventRounds "9"]
[EventCountry "GER"]
[SourceTitle "EXT 2020"]
[Source "ChessBase"]
[SourceDate "2019.10.17"]
[SourceVersion "1"]
[SourceVersionDate "2019.10.17"]
[SourceQuality "1"]

1. e4 e5 2. Nc3 Nc6 3. f4 d6 4. Nf3 Nf6 5. Bc4 Bg4 6. 0-0 Bxf3 7. Rxf3 Nd4 8. Rf2 c6 9. d3 b5 10. Bb3 Nxb3 11. axb3 Qb6 12. Qf3 Be7 13. Be3 Qc7 14. Ne2 c5 15. Ng3 0-0-0 16. b4 Nd7 17. Qg4 h5 18. Qf5 h4 19. Ne2 f6 20. Nc3 Bf8 21. Nxb5 Qb6 22. Nxa7+ Kb7 23. b5 Nb8 24. c4 g6 25. Qe6 Bh6 26. b4 Bxf4 27. bxc5 Bxh2+ 28. Kxh2 dxc5 29. Qxb6+ Kxb6 30. Rxf6+ 1-0

[Event "GER T269-C86-S email"]
[Site "GER email"]
[Date "2017.09.24"]
[Round "?"]
[White "Firsching, Guenter"]
[Black "Fuchs, Joerg"]
[Result "1/2-1/2"]
[WhiteElo "2108"]
[BlackElo "2052"]
[PlyCount "61"]
[EventDate "2017.09.28"]
[EventType "tourn (corr)"]
[EventRounds "8"]
[EventCountry "GER"]
[SourceTitle "Corr 2022"]
[Source "ChessBase"]
[SourceDate "2021.10.24"]
[SourceVersion "1"]
[SourceVersionDate "2021.10.24"]
[SourceQuality "1"]

1. e4 e5 2. Nf3 Nc6 3. Bb5 a6 4. Ba4 Nf6 5. 0-0 Be7 6. Qe2 b5 7. Bb3 0-0 8. c3 d5 9. d3 Bb7 10. Bc2 Re8 11. Nbd2 Bf8 12. h3 a5 13. a4 b4 14. exd5 Nxd5 15. Ne4 h6 16. Rd1 Nb8 17. d4 exd4 18. Qd3 g6 19. cxd4 Nd7 20. Bb3 Bg7 21. Qc2 Ra6 22. Ne5 Bxe5 23. dxe5 Rxe5 24. Bxh6 g5 25. Bxg5 Rxg5 26. Rd3 Kf8 27. Nxg5 Qxg5 28. Rg3 Qe5 29. Rd1 Rd6 30. Bxd5 Rxd5 31. Rxd5 1/2-1/2